[Event "Moscow-ch"]
[Site "Moscow"]
[Date "1996.??.??"]
[Round "10"]
[White "Lundin, Alexandr"]
[Black "Matajev, Dalfun"]
[Result "1-0"]
[WhiteElo "2315"]
[BlackElo "2120"]
[PlyCount "81"]
[EventDate "1996.08.??"]
[EventType "swiss"]
[EventRounds "11"]
[EventCountry "RUS"]
[SourceTitle "CBM 055 Extra"]
[Source "ChessBase"]
[SourceDate "1997.01.01"]
[SourceVersion "1"]
[SourceVersionDate "1997.01.01"]
[SourceQuality "1"]

1. d4 d5 2. c4 dxc4 3. Nf3 Nf6 4. Qa4+ Nc6 5. Qxc4 Be6 6. Qa4 Bd5 7. e3 e6 8. Nc3 Be7 9. Bd3 0-0 10. e4 Nb4 11. Qd1 Nxd3+ 12. Qxd3 Bc6 13. 0-0 b6 14. Ne5 Bb7 15. Be3 Rc8 16. Rfd1 c5 17. dxc5 Bxc5 18. Bxc5 Qxd3 19. Nxd3 bxc5 20. f3 Rfd8 21. Ne5 h6 22. Kf2 Ba6 23. Ke3 Kf8 24. Rxd8+ Rxd8 25. Rd1 Rxd1 26. Nxd1 Bb5 27. Nc3 a6 28. a4 Be8 29. Kd3 Ke7 30. Kc4 Kd6 31. Nd3 Nd7 32. e5+ Kc6 33. a5 f6 34. exf6 gxf6 35. Ne4 Bg6 36. Nexc5 Bxd3+ 37. Nxd3 e5 38. Nb4+ Kd6 39. Nxa6 f5 40. b4 h5 41. Nc5 1-0

[Event "Moscow-ch"]
[Site "Moscow"]
[Date "1996.??.??"]
[Round "1"]
[White "Matajev, Dalfun"]
[Black "Shestakov, Sergei S"]
[Result "0-1"]
[WhiteElo "2120"]
[BlackElo "2325"]
[PlyCount "90"]
[EventDate "1996.08.??"]
[EventType "swiss"]
[EventRounds "11"]
[EventCountry "RUS"]
[SourceTitle "CBM 055 Extra"]
[Source "ChessBase"]
[SourceDate "1997.01.01"]
[SourceVersion "1"]
[SourceVersionDate "1997.01.01"]
[SourceQuality "1"]

1. e4 c6 2. d4 d5 3. e5 Bf5 4. h4 h5 5. c4 e6 6. Nc3 Nd7 7. b3 Be7 8. Be2 g6 9. Bg5 Qa5 10. Qc1 Ba3 11. Qd2 Bb4 12. Rc1 dxc4 13. Bxc4 Ne7 14. Nge2 Rd8 15. Bxe7 Bxe7 16. Qe3 Nb6 17. 0-0 Bxh4 18. Ne4 Bxe4 19. Qxe4 Be7 20. Nf4 Nd5 21. Bxd5 cxd5 22. Qe2 Kd7 23. Rc2 Rc8 24. Rfc1 Ba3 25. Rxc8 Rxc8 26. Rxc8 Kxc8 27. Qc2+ Qc7 28. Qxc7+ Kxc7 29. Nd3 Be7 30. Kf1 Kd7 31. Ke2 g5 32. f3 b6 33. Kd2 f6 34. Ke2 Ke8 35. exf6 Bxf6 36. Ke3 Kf7 37. Nb4 Ke8 38. Nc6 a5 39. Na7 Kd7 40. Nb5 Kc6 41. a4 e5 42. dxe5 Bxe5 43. Na3 Kc5 44. Nc2 Bh2 45. Na1 Bg1+ 0-1

[Event "Moscow-ch"]
[Site "Moscow"]
[Date "1996.??.??"]
[Round "3"]
[White "Zudov, Oleg"]
[Black "Matajev, Dalfun"]
[Result "1-0"]
[WhiteElo "2165"]
[BlackElo "2120"]
[PlyCount "81"]
[EventDate "1996.08.??"]
[EventType "swiss"]
[EventRounds "11"]
[EventCountry "RUS"]
[SourceTitle "CBM 055 Extra"]
[Source "ChessBase"]
[SourceDate "1997.01.01"]
[SourceVersion "1"]
[SourceVersionDate "1997.01.01"]
[SourceQuality "1"]

1. e4 e5 2. Nf3 Nf6 3. Nxe5 d6 4. Nf3 Nxe4 5. d4 d5 6. Bd3 Be7 7. 0-0 Nc6 8. Re1 Bg4 9. c3 f5 10. Qc2 0-0 11. Ne5 Nxe5 12. dxe5 Nc5 13. Be2 Bxe2 14. Qxe2 f4 15. Nd2 Qd7 16. Nb3 Rae8 17. Nd4 Bg5 18. Bd2 Ne4 19. f3 Nc5 20. b4 Ne6 21. Qd3 Nd8 22. Re2 c6 23. Be1 g6 24. Bf2 Qc7 25. Rae1 Nf7 26. e6 Nd6 27. Nb3 b6 28. Nd2 Bf6 29. c4 Nf5 30. cxd5 Rd8 31. Ne4 Be5 32. Nc3 Bxc3 33. Qxc3 Rxd5 34. Rc2 Rc8 35. Qc4 Qd6 36. Rce2 Re8 37. Re4 Kh8 38. Rxf4 Rxe6 39. Rfe4 Rxe4 40. fxe4 Re5 41. exf5 1-0